000 00423nam a2200157 i 4500
001 89563
003 ES-MaACL
005 20230906180224.0
007 t|
008 050111s1917 fr ||||1| fre d
100 1 _aLaskine, Edmond.
_970446
245 1 4 _aLe socialisme national /
_cEdmond Laskine.
260 _aParís :
_b[s.n.,
_c1917] (
_eCorbeil :
_fCrété)
300 _a200 p. ;
_c19 cm.
852 _aES-MaACL
_jF-5619
999 _c89563
_d89563